000 00870nam a2200193 4500
003 CO-ViMGA
020 _a9789587667936
040 _aCO-ViMGA
_bspa
_cCO-ViMGA
090 _aC LITp
100 1 _aLitton, Jonathan
_92244
245 1 0 _aAtlas Pop Up :
_bPueblos del mundo /
260 _aBogota :
_bPanamericana,
_c2015
300 _a[16] paginas :
_bil. ; 28 cm.
520 _a¡Una expedición pop-up por los pueblos del mundo! Viaja por el mundo y conoce muchos países y culturas, descubre cómo es el interior de iglú, cuál es la comida preferida de los rusos,cómo es el festival de los monos, en Tailandia y mucho más. Gracias a las ventanas, pop-ups y ruedas, esta será una aventura inolvidable.
650 1 4 _aLibros ilustrados para niños
_92245
700 1 _aLitton, Jonathan,
_eTextos
_92244
700 1 _aWaterhouse, Stephen,
_eil.
_92246
942 _2ddc
_cBK
999 _c37158
_d37158